| 000 | 00485nam a2200205Ia 4500 | ||
|---|---|---|---|
| 003 | OSt | ||
| 005 | 20230506124703.0 | ||
| 008 | 210423s2005 xx 000 0 und d | ||
| 020 | _a195674138 | ||
| 040 | _cAL | ||
| 041 | _aeng | ||
| 082 |
_a541.24 _223 _bSOFT |
||
| 100 |
_aSOFTLEY (T P). _999415 |
||
| 245 | _aAtomic spectra. | ||
| 260 |
_aNew York _bOxford University Press _c2005 |
||
| 300 |
_a91 _bPB |
||
| 365 |
_b125 _cINR |
||
| 906 | _aAtomic ; spectra | ||
| 942 |
_2ddc _cBK |
||
| 999 |
_c163762 _d163762 |
||